Statistics for Colorado General Knowledge

Click here to take the quiz!

General Stats

  • This quiz has been taken 106 times
  • The average score is 12 of 15

Answer Stats

HintAnswer% Correct
Capital and largest city dating to the Old West eraDenver
100%
Popular ski resort town, known for high end restaurantsAspen
94%
Second largest city in CO, at the base of Pikes PeakColorado Springs
93%
Professional NFL football franchise based in Denver Broncos
91%
Major suburb of Denver, 3rd largest cityAurora
83%
State nickname: __________ StateCentennial
83%
Professional NBA basketball team based in above cityNuggets
83%
Famous amphitheater, concerts are given in open-air Red Rocks
83%
Famous national park spanning the Continental DivideRocky Mountain
80%
Popular city at the foothills of the Rocky MountainsBoulder
76%
Fort largest city in Colorado, known for its historyFort Collins
67%
National park known for well-preserved cliff dwellingsMesa Verde
65%
National Park and Preserve in southern ColoradoGreat Sand Dunes
59%
Iconic hotel in Estes Park, ¨the shining¨ was filmed hereThe Stanley
59%
National Natural Landmark in Colorado SpringsGarden of the Gods
52%

Score Distribution

Percentile by Number Answered

Percent of People with Each Score

Your Score History

You have not taken this quiz